000 00556nam a2200205Ia 4500
003 GCL
008 140319s9999 xx 000 0 eng d
020 _a0672323869
040 _aGCL /
_cGCL
082 0 4 _a005.276
_bF A
100 1 _aFOX, DAN
245 1 0 _aADO . NET IN 21 DAYS /
_cFOX, DAN
260 _aنيويورك :
_bSAMS PUBLISHING ،
_c2002
300 _a24 CM ؛
_c633 P
650 0 4 _aPROGRAMMING LANGUAGE
650 0 4 _aINTERNET - COMPUTER PROGRAME
650 0 4 _aINTERNET - PROGRAMMING LANGUAGES
650 0 4 _aADO . NET
942 _2ddc
_cBK
999 _c7453
_d7453